| 000 | 00857nam a2200229 4500 | ||
|---|---|---|---|
| 008 | 020503s1993 us eng | ||
| 090 |
_a268.18 _bH83 |
||
| 245 | 1 | 0 |
_aHow St. Nicholas became Santa Claus [videorecording] : _bthe true story / _cSidney L. Dupont, Rev. Thomas W. Reinertson, Nick Stam, and Jean Martel. |
| 260 |
_aPasay City : _bDaughters of St. Paul, _cc1993, 1996. |
||
| 300 |
_avideocassette (28 mins.) : _bsd., col. |
||
| 490 | 1 | _aPaulines Video | |
| 500 | _aReproduced with kind permission from Daughters of St. Paul, Boston, MA. | ||
| 500 | _aVHS [original] | ||
| 650 | 4 | _aChristmas. | |
| 650 | 4 | _aSaint Nicholas' Day. | |
| 650 | 4 | _aSanta Claus. | |
| 700 | 1 | _aDupont, Sidney L. | |
| 700 | 1 | _aMartel, Jean | |
| 700 | 1 | _aReinertson, Thomas W. | |
| 700 | 1 | _aStam, Nick | |
| 951 |
_pV-1373 _o268.18/H83 _j070613111102437 _d2000-12-21 _cVT |
||
| 999 |
_c7539 _d7539 |
||